000 00985nam a2200229 i 4500
001 129301
003 ES-MaACL
005 20251009181746.0
007 t|
008 070612s1952 sp ||||1| spa d
080 _a86-131(082)
245 0 0 _aTesoro escondido de todos los más famosos romances, así antiguos como modernos del Cid
_b: va a la fin en seis romances la historia de los siete infantes de Lara (Barcelona 1626) /
_cFrancisco Metge ; [noticia preliminar por Antonio Pérez Gómez].
260 _aValencia :
_bLa fonte que mana y corre,
_c1952.
300 _a148 p. ;
_c18 cm.
490 1 _aColección Duque y Marqués. Opúsculos literarios rarísimos ;
_v1
500 _aEl prologista consta en la pág. 7.
700 1 _aMetge, Francisco.
_980727
700 0 _aPérez y Gómez, Antonio,
_d1902-1976
_991216
830 0 _aColección Duque y Marqués. Opúsculos literarios rarísimos ;
_v1
_9193138
852 _aES-MaACL
_jE-14288
999 _c129301
_d129301